000 00208nam a22000857a 4500
008 170201b xxu||||| |||| 00| 0 eng d
100 _92732
_aNCERT
245 _aMathematics(Hindi)
260 _aNew Delhi
_bNCERT
_c2006
999 _c5899
_d5899